Statistics for Boroughs of Bratislava

Click here to take the quiz!

General Stats

  • This quiz has been taken 81 times
  • The average score is 13 of 17

Answer Stats

DistrictBorough% Correct
VPetržalka
95%
IStaré Mesto
95%
IIIRača
90%
IVDúbravka
89%
IIRužinov
89%
IIINové Mesto
87%
IVKarlova Ves
84%
IVDevín
82%
IVLamač
80%
IIPodunajské Biskupice
77%
IIVrakuňa
74%
IIIVajnory
72%
VČunovo
70%
IVDevínska Nová Ves
70%
VRusovce
70%
VJarovce
64%
IVZáhorská Bystrica
59%

Score Distribution

Percentile by Number Answered

Percent of People with Each Score

Your Score History

You have not taken this quiz